• 首页
  • 本馆介绍
  • 公告通知
  • 最新文献
  • 馆藏检索
  • 电子资源
  • 读者导购
  • 参考咨询
  • 我的图书馆
  • 登录
  • 详细信息显示
  • 放入我的书架
  • 预约/预借图书
  • 作者相关作品
  • 分类相关作品
  • 丛书相关作品
  • 出版社相关作品

书目信息

  • 表格格式
  • 工作单格式
  • 卡片格式
题名:
致命打击
    
 
作者: 比德曼 , 赞布罗 著 ;小小冰人 译
分册:  
出版信息: 北京   中国长安出版社  2014
页数: 368页
开本: 23cm
丛书名:
单 册:
中图分类: I516.55
科图分类:
主题词: 回忆录--德国--现代 , 回忆录
电子资源:
ISBN: 978-7-5107-0761-2
000 01522nam0 2200313 45
001 012001001367
005 20140921103355.0
010    @a978-7-5107-0761-2@dCNY109.80
100    @a20141031d2014 em y0chiy50 ea
101 1  @achi@cger@ceng
102    @aCN@b110000
105    @aa z 000yd
106    @ar
200 1  @a致命打击@9zhi ming da ji@e一个德国士兵的苏德战争回忆录@f(德)戈特洛布·赫伯特·比德曼,(美)德里克·S·赞布罗[著]@g小小冰人译
210    @a北京@c中国长安出版社@d2014
215    @a368页@c图@d23cm
300    @a指文士兵系列 012
312    @a版权页英文题名:In deadly combat: a German soldier''s memoir of the eastern front
330    @a本书描写了二战德国第132步兵师一名普通步兵——戈特洛布·比德曼的苏德战场经历:1942年参加对塞瓦斯托波尔要塞的进攻,1943年加入列宁格勒战役,1944年苏军的庞大攻势将德国一整个集团军群围困在波罗地海沿岸的库尔兰包围圈内,比德曼在那里结束了他的战争。比德曼多次负伤、历经无数次战斗获得金质德意志十字勋章、金质战伤勋章和荣誉勋饰以及击毁坦克臂章。
510 1  @aIn deadly combat@ea German soldier''s memoir of the eastern front@zeng
517 1  @a一个德国士兵的苏德战争回忆录@9yi ge de guo shi bing de su de zhan zheng hui yi lu
606 0  @a回忆录@y德国@z现代
606 0  @a回忆录
690    @aI516.55@v5
701  0 @c(德)@a比德曼@9bi de man@c(Bidermann, Gottlob Herbert)@4著
701  0 @c(美)@a赞布罗@9zan bu luo@c(Zumbro, Derek S.)@4著
702  0 @a小小冰人@9xiao xiao bing ren@4译
801  0 @aCN@b上海新华@c20180901
905    @b1043548-51@dI516.55@e194@f4
    
    致命打击:一个德国士兵的苏德战争回忆录/(德)戈特洛布·赫伯特·比德曼,(美)德里克·S·赞布罗[著]/小小冰人译.-北京:中国长安出版社,2014
    368页:图;23cm
    指文士兵系列 012
    
    ISBN 978-7-5107-0761-2:CNY109.80
    本书描写了二战德国第132步兵师一名普通步兵——戈特洛布·比德曼的苏德战场经历:1942年参加对塞瓦斯托波尔要塞的进攻,1943年加入列宁格勒战役,1944年苏军的庞大攻势将德国一整个集团军群围困在波罗地海沿岸的库尔兰包围圈内,比德曼在那里结束了他的战争。比德曼多次负伤、历经无数次战斗获得金质德意志十字勋章、金质战伤勋章和荣誉勋饰以及击毁坦克臂章。
●
相关链接 在E读中查询图书 在五车中查询图书 在当当中查询图书 在豆瓣中查询图书


正题名:致命打击     索取号:I516.55/194         预约/预借

序号 登录号 条形码 馆藏地/架位号 状态 备注
1 1043548   210435484   第一样本阅览室/ [索取号:I516.55/194] 在馆    
2 1043549   210435493   第二借阅区/ [索取号:I516.55/194] 在馆    
3 1043550   210435509   密集书库-文学院/ [索取号:I516.55/194] 在馆    
4 1043551   210435518   第二借阅区/ [索取号:I516.55/194] 在馆    
唐山师范学院图书馆 欢迎您!
大连网信软件有限公司© 版权所有